Quizzes
Events
Quiz Creation
Community
Videos
Private Events
Remove Ads
Sign In
Join for FREE
Feedback
Dark Mode
Quiz Categories
Sports
Geography
Music
Movies
Television
Just For Fun
Miscellaneous
History
Literature
Language
Science
Gaming
Entertainment
Religion
Holiday
For Kids
Quiz Lab
Recent
Popular Today
Quiz Kudos Today
Editor Picks
Curator Picks
Quizzes by...
Day
Popularity
Type
Ratings
Length
Year
Community
Subscriptions
Recent Discussions
Orange Saloon
Badges
Playlists
Quests
Create
Leaderboards
Showdown
Live 5
Trivia Bingo
Activity
Puzzle Library
Sporcle Events
Private Events
Virtual Trivia
Globe League
Become a Host
Pub Owners
SporcleCon
Opinionation
Our Games
Videos
Blog
Mobile Apps
Partnerships
Remove Ads and Go Orange
Feedback
Music
Pop Music
The Beatles
Song
Album
Lyrics
Bands
Singers
Artist
Clip
Rock
Rap
Classical
Billboard
Country Music
Kpop
Taylor Swift
Music
Pop Music
The Beatles
Song
Album
Lyrics
Bands
Singers
Artist
Clip
Rock
Rap
Classical
Billboard
Country Music
Kpop
Taylor Swift
Random Quiz
Search Sporcle
×
Quiz Lab
Quiz Lab
Music
Country
Type in answers that appear in a list
Type in answers that appear in a list
Classic
Best Score? Go Orange.
Top 100 Selling Artists of All Time Stats
Can you name the Top 100 Selling Artists of All Time?
By
pstm
15m
100 Questions
3,531 Plays
3,531 Plays
3,531 Plays
Comments
Comments
Give Quiz Kudos
Give Quiz Kudos
-
- Ratings
hide this ad
Replay
Link that replays current quiz
Next Quiz
Link to next quiz in quiz playlist
You Got
0%
They Got
Avg Score
31%
Avg Friend Score
Upgrade to see
Score Distribution
Jump to the score distribution portion of the page
Score
0/100
Timer
15:00
0
Plays Today
Sales
Artist
% Correct
600 Million -
1 Billion
The Beatles
97.7%
300 Million -
750 Million
Michael Jackson
87%
200 Million
The Rolling Stones
83.3%
600 Million -
1 Billion
Elvis Presley
83.1%
300 Million -
370 Million
ABBA
83%
275 Million -
300 Million
Madonna
75.9%
250 Million
Elton John
68.5%
150 Million
U2
67.1%
200 Million -
300 Million
Led Zeppelin
65.3%
200 Million
AC DC
63.9%
150 Milliion -
300 Million
Queen
62.9%
200 Million
Pink Floyd
57.2%
120 Million
Bruce Springsteen
56.9%
200 Million
Celine Dion
56.1%
100 Million
The Who
55.1%
120 Million
Eagles
54.8%
80 Million
Eminem
53.8%
170 Million
Whitney Houston
53.1%
100 Million
Metallica
52%
200 Million
Mariah Carey
49%
220 Million
Bee Gees
48.2%
80 Million
Prince
46.8%
100 Million
Britney Spears
45.7%
100 Million
Guns N' Roses
44.9%
150 Million
Aerosmith
44.6%
120 Million
Bon Jovi
42.4%
70 Million
Bob Dylan
42.2%
150 Million
Frank Sinatra
41.7%
100 Million
Backstreet Boys
41.5%
140 Million
David Bowie
41.2%
100 Million
Janet Jackson
41%
100 Million
Fleetwood Mac
40.3%
100 Million
Billy Joel
39.9%
128 Million
Garth Brooks
39.7%
Sales
Artist
% Correct
150 Million
Stevie Wonder
38.7%
100 Million
The Jackson 5
38.5%
100 Million
Paul McCartney
38%
100 Million
George Michael
35.5%
100 Million
Phil Collins
35.2%
150 Million
Genesis
34.3%
75 Million
Spice Girls
32.8%
100 Million
Rod Stewart
31.3%
80 Million
Van Halen
30.5%
100 Million
Kiss
30%
100 Million
Cher
29.9%
100 Million
Bryan Adams
29.8%
100 Million
Dolly Parton
29.4%
100 Million
Tina Turner
28.9%
75 Million
Tupac Shakur
28.5%
65 Million
Shania Twain
28.1%
65 Million
Def Leppard
27.4%
75 Million
Journey
26.5%
65 Million
Green Day
26.3%
80 Million
Carlos Santana
25.9%
60 Million
Kylie Minogue
25.6%
60 Million
Pearl Jam
25.6%
200 Million
Julio Iglesias
25.5%
70 Million
Duran Duran
23.8%
85 Million
Iron Maiden
23%
60 Million
Ricky Martin
22.5%
100 Million
Lionel Richie
22.4%
122 Million
Chicago
21.8%
115 Million
Neil Diamond
21.4%
100 Million
Kenny Rogers
20.5%
120 Million
Dire Straits
20.1%
140 Million
Barbra Streisand
19.5%
100 Million
Scorpions
19.2%
100 Million
Deep Purple
17.6%
Sales
Artist
% Correct
100 Million
Olivia Newton-John
16.1%
100 Million
The Carpenters
14.7%
70 Million
New Kids On The Block
14.7%
70 Million
Meat Loaf
14.6%
68 Million
George Strait
14%
100 Million
Luciano Pavarotti
13.4%
70 Million
Enya
12.7%
60 Million
Boyz II Men
12.7%
100 Million
Depeche Mode
12.6%
90 Million
Gloria Estefan
12%
70 Million
Kenny G
10%
60 Million
Roxette
9.9%
100 Million
Barry White
9.9%
75 Million
Eurythmics
9%
118 Million
Status Quo
8.3%
200 Million
Nana Mouskouri
8.2%
70 Million
UB40
7.9%
140 Million
Boney M
7%
70 Million
Andrea Bocelli
6.2%
100 Million
Perry Como
5.1%
60 Million
Jethro Tull
4.9%
100 Million
Charles Aznavour
4.5%
75 Million
B'z
3.9%
65 Million
Village People
3.8%
100 Million
Modern Talking
3.3%
100 Million
Johnny Hallyday
3.1%
100 Million
Roberto Carlos
2.9%
70 Million
Jean Michel Jarre
2.2%
75 Million
Luis Miguel
2.1%
68 Million
Hibari Misora
1.3%
100 Million
Michiya Mahashi
1.1%
60 Million
Orhan Gencebay
0.7%
Quiz Playlist
Details
Report
Send in Message
Add To Playlist
Classic:
Type in answers that appear in a list
Quiz Source
Last Updated: Feb 16, 2017
Quiz Scoreboard
CHALLENGE
Sign Up to Join the Scoreboard
Show All
Scores
Hide
Comments
May contain spoilers
Recently Published
Presidents Visiting Landmarks
by Hejman
History
7m
An Introduction to Baseball
by treessimontrees
Sports
5m
Movies - When Are They Set?
by FPL_Elf
Movies
5m
More to Explore
Quiz From the Vault
Featured Blog Post
Where Did the Easter Bunny Come From?
hide this ad
You Might Also Like...
Tags
Artist Quiz
Country Quiz
100
All Time
Best Selling
origin
sale
Top 100
Today's Top Quizzes in Music
Browse Music
hide this ad
Today's Top Quizzes in Country
Browse Country
Top Contributed Quizzes in Music
1
Taylor Swift All Songs (2024)
2
Guess the Artist- 70s Songs
3
One Thing in Common: Music
4
KPOP LOGIC QUIZ
5
2010s Album by Cover III
6
Taylor Swift Logic Puzzle
7
Guess the Taylor Swift song (Mystery Song)
8
7-to-1: Billboard Hot 100 #1 Hits of 2010s
9
2010s Album by Cover IV
10
2010s Album by Cover V
Explore More
Trending Topics
NBA
Anime
Marvel
Kpop
Disney
Crossword
Harry Potter
Puzzle
The Office
Soccer
NFL
Pokémon
WWE
Country
Song
hide this ad
More By:
pstm
Quiz
Plays
Rating
Category
Featured
Created
Greatest Sportsmen Ever
6,073
3.22
Sports
Jan 2, 2011
Top 100 Selling Artists of All Time
3,531
2.37
Music
Dec 8, 2010
Wisden Leading Cricketer in the World
3,099
5.00
Sports
Dec 15, 2010
Can you name the lyrics to Imagine?
1,478
3.91
Music
Dec 9, 2010
Top Selling Music Countries
892
4.86
Music
Dec 8, 2010
Go to Creator's Profile
Score Distribution
Quiz Creator Spotlight
pstm
Follow
Send a Message
Quizzes Created
-
Created Quiz Play Count
-
More By This Creator
Popular Quizzes Today
1
Find the US States - No Outlines Minefield
2
Find the Countries of Europe - No Outlines Minefield
3
The Countries of the World
4
Popular People in 1961
5
Find the US States
6
US States
7
Risky Map Clicking: Biggest States A-Z
8
1-10 Letter E Words III
More Music Quizzes
Ruined By A Letter: Motown Hits
Curator's Pick
Trending Quizzes
Risky Map Clicking: Least Populous States A-Z
1-10 Letter G Words
1-10 Letter F Words
One Thing in Common: United Kingdom
Risky Map Clicking: Next State Alphabetically
Recently Updated
Leaping Animals
pecheneg
Reality TV Shows (A-Z)
bhenderson79
Rickey Henderson's Hall of Fame Teammates
pecheneg
Champions League XIs: Arsenal
pecheneg
Quick Pick: Celebrities in WWE's Hall of Fame
aduchscher
A-Z Keypad Blitz II
pecheneg
Multiple Oscar Actors
pecheneg
Mystery Phrase Blitz: Oscar 'Best Actors'
pecheneg
F. Scott Fitzgerald Novels
LTH
Pick 3 Villains
ddd62291
Trending Topics
Marvel
Anime
Kpop
Crossword
NBA
Harry Potter
Disney
Puzzle
Song
Pokémon
Soccer
Country
NFL
WWE
The Office
Your Account Isn't Verified!
In order to create a playlist on Sporcle, you need to verify the email address you used during registration. Go to your
Sporcle Settings
to finish the process.
Report this User
Report this user for behavior that violates our
Community Guidelines
.
Details:
Send Report
Go to the Sporcle.com Mobile Site →
Comments